| 000 | 00960nam a22002297a 4500 | ||
|---|---|---|---|
| 999 |
_c7271 _d7271 |
||
| 003 | AR-CdUCM | ||
| 008 | 190320b ||||| |||| 00| 0 spa d | ||
| 040 |
_aMUNICIPALIDAD PROVINCIAL DEL CUSCO _cBIBLIOTECA MUNICIPAL DEL CUSCO |
||
| 041 | _heng. | ||
| 082 |
_a581.11 / _bK89 |
||
| 100 |
_aKramer, Paul Jackson _920488 |
||
| 245 |
_aRelaciones hídricas de suelo y plantas : _bUna síntesis moderna / |
||
| 260 |
_aMéxico : _bCentro Regional de Ayuda Técnica, Agencia para el desarrollo internacional (A.I.D), _c1974. |
||
| 300 |
_a538 paginas ; _bIlustraciones,diagramas _c23 cm. |
||
| 505 | _aContenido :El agua y el papel que desempeña en las plantas --El agua en el suelo --Medida y control del agua en el suelo --Las raíces y su crecimiento de la raíz ... | ||
| 650 |
_aEdafoligia _920489 |
||
| 650 |
_aQuímica agrícola _920392 |
||
| 650 |
_aSuelos _919092 |
||
| 700 |
_aLeonor Tejada (traductor) _920490 |
||
| 942 |
_2ddc _cLIBROS |
||
| 945 | _arjall | ||